| 000 | 00409nam a2200121Ia 4500 | ||
|---|---|---|---|
| 008 | 171212s9999 xx 000 0 und d | ||
| 100 | _aBorny, Geoffrey | ||
| 245 |
_cBorny, Geoffrey _aInterpreting Chekhov |
||
| 260 |
_bANU E Press _c2006 |
||
| 650 | _aChekhov, Anton Pavlovich, 1860-1904 -- Criticism and interpretation | ||
| 650 | _aLanguage & Literature | ||
| 856 | _uwww.jstor.org/stable/10.2307/j.ctt2jbjpn | ||
| 999 |
_c351170 _d351170 |
||